LEADER 01255nam0-22004331i-450- 001 990001314440403321 005 20120510145943.0 010 $a88-453-0178-8 035 $a000131444 035 $aFED01000131444 035 $a(Aleph)000131444FED01 035 $a000131444 100 $a20001205d1992----km-y0itay50------ba 101 0 $aita 200 1 $aProbabilità e Statistica$e760 problemi risolti$fMurray R. Spiegel 210 $aMilano$cEtas Libri$d1992 215 $a374 p.$d27 cm 225 1 $aCollana Schaum$v40 610 0 $aCalcolo delle probabilita$aEsercizi 610 0 $aStatistica$aEsercizi 676 $a519.076 700 1$aSpiegel,$bMurray R.$g$01929 801 0$aIT$bUNINA$gRICA$2UNIMARC 901 $aBK 912 $a990001314440403321 952 $aSCHAUM-40-(B$b9853$fMA1 952 $aSCHAUM-40-(C$b9854$fMA1 952 $aBF-60-0010$b10650$fMA1 952 $aBF-60-0014$b10654$fMA1 952 $aBF-60-0011$b10651$fMA1 952 $aC-10-(40$b8381$fMA1 952 $aBF-60-0012$b10652$fMA1 952 $aBF-60-0013$b10653$fMA1 952 $aSCHAUM-40-(A$b9415$fMA1 959 $aMA1 962 $a60-01 962 $a62-01 996 $aProbability and statistics$927626 997 $aUNINA LEADER 01987oas 2200661 450 001 9910695142203321 005 20210216163741.0 035 $a(CKB)5470000002367309 035 $a(OCoLC)70243970$z(OCoLC)656305539 035 $a(EXLCZ)995470000002367309 100 $a20060705b19822016 sa a 101 0 $aeng 135 $aurcn||||||||| 181 $ctxt$2rdacontent 182 $cc$2rdamedia 183 $acr$2rdacarrier 200 00$aGrassroots development $ejournal of the Inter-American Foundation 210 1$aRosslyn, VA :$cInter-American Foundation,$d[1982]-2016. 215 $a1 online resource (volumes) 300 $aIssues also have thematic titles, beginning in 1994. 517 $aGrassroots development 606 $aEconomic assistance, American$zLatin America$vPeriodicals 606 $aCommunity development$zLatin America$vPeriodicals 606 $aRural development projects$zLatin America$vPeriodicals 606 $aCommunity development$2fast 606 $aEconomic assistance, American$2fast 606 $aRural development projects$2fast 607 $aLatin America$2fast 608 $aPeriodicals.$2fast 615 0$aEconomic assistance, American 615 0$aCommunity development 615 0$aRural development projects 615 7$aCommunity development. 615 7$aEconomic assistance, American. 615 7$aRural development projects. 712 02$aInter-American Foundation.$bOffice of Learning and Dissemination, 801 0$bGPO 801 1$bGPO 801 2$bGPO 801 2$bOCLCS 801 2$bLGG 801 2$bOCLCE 801 2$bOCLCQ 801 2$bOCLCF 801 2$bOCLCA 801 2$bIXA 801 2$bOCLCO 801 2$bOCLCQ 801 2$bGILDS 801 2$bOCLCO 801 2$bOCLCQ 801 2$bVT2 801 2$bCUS 801 2$bGPO 906 $aJOURNAL 912 $a9910695142203321 996 $aGrassroots development$92003994 997 $aUNINA LEADER 05090nam 2200625zu 450 001 9910917278403321 005 20210211 035 $a(CKB)36719379100041 035 $a(oapen)doab44088 035 $a(EXLCZ)9936719379100041 100 $a20241203|2020uuuu || | 101 0 $aeng 135 $aur||||||||||| 181 $ctxt$2rdacontent 182 $cc$2rdamedia 183 $acr$2rdacarrier 200 00$aDie Corona-Pandemie$eEthische, gesellschaftliche und theologische Reflexionen einer Krise 210 $cNomos Verlagsgesellschaft mbH & Co. KG$d2020 215 $a1 online resource (448 p.) 225 1 $aBioethik in Wissenschaft und Gesellschaft 311 08$a9783848769414 311 08$a3848769417 311 08$a9783748910589 311 08$a3748910584 330 $aZusammenfassung Die Covid-19-Pandemie hat zu radikalen Eingriffen in die Gesundheitsversorgung und das soziale Leben gefu?hrt, deren Effizienz und Angemessenheit aktuell immer sta?rker ins Zentrum von Auseinandersetzungen ru?ckt. In diesem Sammelband reflektieren und kommentieren ausgewiesene Wissenschaftler/innen und Fachleute verschiedenster Disziplinen den Umgang mit der Pandemie. Thematisiert werden u.a. die Stellungnahmen nationaler Ethikkommissionen, die Triage-Problematik, die Vertretbarkeit von Eingriffen in Grundfreiheiten, die soziale Isolation Betroffener, der Umgang mit religio?sen und spirituellen Bedu?rfnissen sowie tiefer liegende soziale Vera?nderungen in der Krise. Es wird damit ein wichtiger Beitrag zur Aufarbeitung der Corona-Krise geleistet. Mit Beitra?gen von Maria Berghofer, Alois Birklbauer, Nadine Bru?hwiler, Barbara Derler, Stefan Dinges, Gerhard Falzberger, Eckhard Frick SJ, Isabella Guanzini, Karin Gubisch, Hartmann Jo?rg Hohensinner, Gerhard Hundsdorfer, Ulrich H.J. Ko?rtner, Wolfgang Ko?le, Wolfgang Kro?ll, Martin M. Lintner, Univ.-Prof. Manfred Novak, Jochen Ostheimer, Sabine Petritsch, Brigitte Pichler, Gerhard Pichler, Johann Platzer, Franz Ploner, Regina Polak, Simon Romagnoli, Michael Rosenberger, Walter Schippinger, Christoph Seidl, Martina Schmidhuber, Eberhard Schockenhoff, Detlev Schwarz, Martin Splett, Willibald J. Stronegger, Jean-Daniel Strub, Christa Tax, Arnika Thonhofer, Andreas Valentin, Stephan Winter, Univ.-Prof. Werner Wolbert. Abstract The Covid-19 pandemic has led to radical interventions in healthcare and social life, the efficiency and appropriateness of which are now increasingly at the centre of controversy. In this volume, renowned scientists, academics and experts from a wide range of disciplines reflect and comment on how to deal with the pandemic. Among other things, the following topics are discussed: the statements of national ethics committees, the issue of triage, the acceptability of interventions in fundamental freedoms, the social isolation of those affected, the handling of religious and spiritual needs as well as deeper social changes during the crisis. Overall, this publication makes an important contribution to the resolution of the coronavirus crisis. With contributions by Maria Berghofer, Alois Birklbauer, Nadine Bru?hwiler, Barbara Derler, Stefan Dinges, Gerhard Falzberger, Eckhard Frick SJ, Isabella Guanzini, Karin Gubisch, Hartmann Jo?rg Hohensinner, Gerhard Hundsdorfer, Ulrich H.J. Ko?rtner, Wolfgang Ko?le, Wolfgang Kro?ll, Martin M. Lintner, Univ.-Prof. Manfred Novak, Jochen Ostheimer, Sabine Petritsch, Brigitte Pichler, Gerhard Pichler, Johann Platzer, Franz Ploner, Regina Polak, Simon Romagnoli, Michael Rosenberger, Walter Schippinger, Christoph Seidl, Martina Schmidhuber, Eberhard Schockenhoff, Detlev Schwarz, Martin Splett, Willibald J. Stronegger, Jean-Daniel Strub, Christa Tax, Arnika Thonhofer, Andreas Valentin, Stephan Winter, Univ.-Prof. Werner Wolbert. 606 $aCOVID-19 Pandemic, 2020-2023$zEurope, German-speaking 606 $aCOVID-19 (Disease)$xSocial aspects 606 $aCOVID-19 (Disease)$xReligious aspects 606 $aCOVID-19 (Disease)$xEnvironmental aspects 606 $aEquality$xHealth aspects 606 $aSocial medicine 606 $aBioethics$xReligious aspects 606 $aMedical ethics 606 $aEquality$xHealth aspects$2fast$3(OCoLC)fst00914463 606 $aMedical ethics$2fast$3(OCoLC)fst01014081 606 $aSocial medicine$2fast$3(OCoLC)fst01122637 615 0$aCOVID-19 Pandemic, 2020-2023 615 0$aCOVID-19 (Disease)$xSocial aspects. 615 0$aCOVID-19 (Disease)$xReligious aspects. 615 0$aCOVID-19 (Disease)$xEnvironmental aspects. 615 0$aEquality$xHealth aspects. 615 0$aSocial medicine. 615 0$aBioethics$xReligious aspects. 615 0$aMedical ethics. 615 7$aEquality$xHealth aspects. 615 7$aMedical ethics. 615 7$aSocial medicine. 702 $aKro?ll$b Wolfgang 702 $aPlatzer$b Johann 702 $aRuckenbauer$b Hans-Walter 702 $aSchaupp$b Walter$f1954- 906 $aBOOK 912 $a9910917278403321 996 $aDie Corona-Pandemie$94329507 997 $aUNINA